000 00797nam a2200253Ia 4500
003 OSt
005 20220918220836.0
006 a|||||r|||| 00| 0
007 ta
008 220917b |||||||| |||| 00| 0 eng d
024 _a147,215
037 _cTextual
040 _aARTS
_cARTS
_beng
041 _2eng
_aeng
082 _aY31(x:77).218, M1
100 _aTripathy R N
_9130261
245 0 _aPlanning for integrated rural development programme
_b Amalapuram block east Govavari District A P
260 _aHyderabad
_bNational Institute of rural Development
_c1981
300 _aix, 443p.
_ccm.
500 _aBibliography p297-304; Appendices p305-343 (1-10)
650 _aSOCIOLOGY
942 _hY31(x:77).218, M1
_cTEXL
_2CC
999 _c269969
_d269969